Let us C Solutions (Record no. 7977)
[ view plain ]
| 000 -LEADER | |
|---|---|
| fixed length control field | 00292nam a2200121Ia 4500 |
| 008 - FIXED-LENGTH DATA ELEMENTS--GENERAL INFORMATION | |
| fixed length control field | 191201s2013 xx 000 0 und d |
| 100 ## - MAIN ENTRY--PERSONAL NAME | |
| Personal name | KANETKAR, Yashavant |
| 245 #0 - TITLE STATEMENT | |
| Title | Let us C Solutions |
| 250 ## - EDITION STATEMENT | |
| Edition statement | Rep |
| 260 ## - PUBLICATION, DISTRIBUTION, ETC. (IMPRINT) | |
| Date of publication, distribution, etc | 2013 |
| Name of publisher, distributor, etc | BPB Publisher |
| Place of publication, distribution, etc | NEW DELHI |
| 300 ## - PHYSICAL DESCRIPTION | |
| Extent | 458 |
| 942 ## - ADDED ENTRY ELEMENTS (KOHA) | |
| Source of classification or shelving scheme | Dewey Decimal Classification |
| Koha item type | Text Books |
| 942 ## - ADDED ENTRY ELEMENTS (KOHA) | |
| -- | 50 |
| Withdrawn status | Lost status | Source of classification or shelving scheme | Damaged status | Not for loan | Collection code | Home library | Current library | Date acquired | Source of acquisition | Cost, normal purchase price | Bill Number | Total Checkouts | Full call number | Acc. no. / Barcode | Date last seen | Date last borrowed | Actual Cost, discounted price | Bill Date | Koha item type |
|---|---|---|---|---|---|---|---|---|---|---|---|---|---|---|---|---|---|---|---|
| Dewey Decimal Classification | BCA | PIET C-LIBRARY | PIET C-LIBRARY | 19/04/2018 | Kirti Prakashan | 270.00 | IN0317 | 24 | 005.133 KAL | BC1253 | 06/01/2026 | 27/08/2025 | 178.20 | 19/04/2018 | Text Books | ||||
| Dewey Decimal Classification | BCA | PIET C-LIBRARY | PIET C-LIBRARY | 19/04/2018 | Kirti Prakashan | 270.00 | IN0317 | 20 | 005.133 KAL | BC1254 | 06/01/2026 | 18/12/2025 | 178.20 | 19/04/2018 | Text Books | ||||
| Dewey Decimal Classification | BCA | PIET C-LIBRARY | PIET C-LIBRARY | 19/04/2018 | Kirti Prakashan | 270.00 | IN0317 | 25 | 005.133 KAL | BC1255 | 28/11/2025 | 17/11/2025 | 178.20 | 19/04/2018 | Text Books | ||||
| Dewey Decimal Classification | BCA | PIET C-LIBRARY | PIET C-LIBRARY | 19/04/2018 | Kirti Prakashan | 270.00 | IN0317 | 27 | 005.133 KAL | BC1256 | 28/11/2025 | 14/11/2025 | 178.20 | 19/04/2018 | Text Books | ||||
| Dewey Decimal Classification | BCA | PIET C-LIBRARY | PIET C-LIBRARY | 19/04/2018 | Kirti Prakashan | 270.00 | IN0317 | 005.133 KAL | BC1257 | 04/12/2019 | 178.20 | 19/04/2018 | Text Books |